00569 2200193 4500001002100000005001700021008004100038035002400079082000800103090001500111100002000126245008800146250001200234260006000246300002700306650001800333852001200351990001200363YOGYA-0612000000058120120607214054.0 ind  0010-061200000000579 a823 a823bOre S aORCZY, Baroness aThe Scarlet PimpernelcOrezy Baroness; edited by J. C. G. Grase and A. E. H. Swaln. aEd. 10. aDen HaagbBij J.B. Walters Mitgevers Maatschappijc1930 a239 hlm.bilusc20 cm. aFiksi Inggris aYOPDYOG a46537-a